000 00374nam a2200145Ia 4500
008 231129s2003||||xx |||||||||||||| ||spa||
020 _a958-04-7573-3
040 _bspa
082 _aI823 G226i
100 _aGardner Graham
245 0 _aInventando a Elliot
260 _c2003
264 _aGrupo Editorial Norma
942 _2ddc
_cBKS
999 _c15979
_d15979